Microsoft SQL Server 2000 administrator's companion (EBOOK) (Record no. 217097)

000 -LEADER
fixed length control field 00725 a2200217 4500
003 - CONTROL NUMBER IDENTIFIER
control field Nust
005 - DATE AND TIME OF LATEST TRANSACTION
control field 20170207171533.0
010 ## - LIBRARY OF CONGRESS CONTROL NUMBER
LC control number 00059281
020 ## - INTERNATIONAL STANDARD BOOK NUMBER
International Standard Book Number 0735610517
040 ## - CATALOGING SOURCE
Transcribing agency Nust
082 00 - DEWEY DECIMAL CLASSIFICATION NUMBER
Classification number 005.7585
100 ## - MAIN ENTRY--PERSONAL NAME
Personal name Garcia, Marcilina S. (Frohock)
245 00 - TITLE STATEMENT
Title Microsoft SQL Server 2000 administrator's companion (EBOOK)
Statement of responsibility, etc. Marci Frohock Garcia ... [et al.].
260 ## - PUBLICATION, DISTRIBUTION, ETC.
Place of publication, distribution, etc. Redmond, WA :
Name of publisher, distributor, etc. Microsoft Press,
Date of publication, distribution, etc. 2000.
300 ## - PHYSICAL DESCRIPTION
Extent xxix, 1131 p. :
Other physical details ill. ;
Dimensions 25 cm. +
Accompanying material 1 CD-ROM (4 3/4 in.)
650 #0 - SUBJECT ADDED ENTRY--TOPICAL TERM
Topical term or geographic name entry element Client/server computing.
650 #0 - SUBJECT ADDED ENTRY--TOPICAL TERM
Topical term or geographic name entry element Relational databases.
651 ## - SUBJECT ADDED ENTRY--GEOGRAPHIC NAME
Geographic name EBOOK
700 1# - ADDED ENTRY--PERSONAL NAME
Personal name Garcia, Marcilina S.
856 42 - ELECTRONIC LOCATION AND ACCESS
Materials specified Publisher description
Uniform Resource Identifier <a href="http://www.loc.gov/catdir/enhancements/fy1004/00059281-d.html">http://www.loc.gov/catdir/enhancements/fy1004/00059281-d.html</a>
942 ## - ADDED ENTRY ELEMENTS (KOHA)
Source of classification or shelving scheme
Koha item type Book
Holdings
Withdrawn status Lost status Source of classification or shelving scheme Damaged status Not for loan Collection code Permanent Location Current Location Date acquired Total Checkouts Full call number Barcode Date last seen Price effective from Koha item type
            Military College of Signals (MCS) Military College of Signals (MCS) 12/12/2016   005.7585 GAR MCSEB-3404 12/08/2016 12/12/2016 Book
© 2023 Central Library, National University of Sciences and Technology. All Rights Reserved.